NBA Teams by State - Statistics

General Stats
  • This quiz has been taken 56 times
  • The average score is 24 of 30
Answer Stats
Hint Answer % Correct
Suns Arizona
90%
Clippers California
90%
Mavericks Texas
90%
Heat Florida
88%
Timberwolves Minnesota
88%
Cavaliers Ohio
86%
Wizards Washington, DC
86%
Nuggets Colorado
84%
Magic Florida
84%
Bulls Illinois
84%
Pacers Indiana
84%
Celtics Massachusetts
84%
Knicks New York
84%
Thunder Oklahoma
84%
76ers Pennsylvania
84%
Kings California
82%
Warriors California
82%
Lakers California
82%
Rockets Texas
82%
Spurs Texas
82%
Jazz Utah
82%
Pelicans Louisiana
78%
Hawks Georgia
76%
Raptors Ontario
76%
Trail Blazers Oregon
76%
Pistons Michigan
74%
Nets New York
72%
Grizzlies Tennessee
70%
Bucks Wisconsin
68%
Hornets North Carolina
66%
No matching quizzes found
Score Distribution
Percent of People with Each Score
Percentile by Number Answered
Your Score History
You have not taken this quiz